President By Clue - Statistics

General Stats
  • This quiz has been taken 20 times
  • The average score is 11 of 15
Answer Stats
Hint Answer % Correct
First President George Washington
94%
The Current President Joe Biden
94%
Was assassinated by Lee Harvey Oswald John F. Kennedy
94%
Delivered the Gettysburg Address Abraham Lincoln
88%
Only President to Serve more than2 terms in office Franklin D. Roosevelt
88%
Important Civil War general Ulysses S. Grant
88%
Gave the order to drop the atom bomb Harry Truman
82%
President when the Great Depression started Herbert Hoover
82%
Was impeached and removed from office Richard Nixon
82%
Founded many of the National Parks Theodore Roosevelt
82%
Bought the land from France known as theLouisiana Purchase Thomas Jefferson
82%
Has a hotel containing his name Donald Trump
71%
Was a star college football player Dwight D. Eisenhower
41%
The Little Magician Martin Van Buren
24%
Hollywood Changed his name Ronald Reagan
24%
No matching quizzes found
Score Distribution
Percent of People with Each Score
Percentile by Number Answered
Your Score History
You have not taken this quiz